[Event "51st Groningen Open A 2013"]
[Site "Groningen NED"]
[Date "2013.12.29"]
[Round "8.20"]
[White "Simonian, Tigran"]
[Black "Christiansen, Johan-Sebastian"]
[Result "1-0"]
[WhiteTitle "IM"]
[WhiteElo "2401"]
[BlackElo "2217"]
[WhiteFideId "13303597"]
[BlackFideId "1512668"]
[EventDate "2013.12.21"]

1. d4 Nf6 2. Nf3 e6 3. c4 b6 4. g3 Ba6 5. Qc2 Bb7 6. Bg2 c5 7. d5 exd5 8. cxd5
Nxd5 9. O-O Be7 10. Rd1 Nc6 11. a3 Nc7 12. Nc3 O-O 13. e4 Qc8 14. e5 Ne6 15. Nd5
Bd8 16. Qe4 Ne7 17. Ng5 Nxg5 18. Nxe7+ Bxe7 19. Qxb7 Qxb7 20. Bxb7 Rad8 21. Bxg5
Bxg5 22. Rd3 Rfe8 23. Rad1 Re7 24. f4 Bh6 25. Kg2 Kf8 26. Bc6 Ke8 27. Kf3 g6 28.
Bb5 Bg7 29. Rd6 Bh8 30. h4 Bg7 31. Kg4 Bh6 32. h5 Bf8 33. a4 Bh6 34. b3 Bg7 35.
Kg5 h6+ 36. Kg4 gxh5+ 37. Kxh5 Bf8 38. R1d3 Bg7 39. R3d5 Kf8 40. Bxd7 Kg8 41.
Bb5 Rc8 42. Rd7 Rc7 43. Rd8+ Bf8 44. Ra8 a6 45. Rdd8 1-0

[Event "51st Groningen Open A 2013"]
[Site "Groningen NED"]
[Date "2013.12.29"]
[Round "8.21"]
[White "L'Ami, Alina"]
[Black "Klapwijk, Bram"]
[Result "1-0"]
[WhiteTitle "WGM"]
[WhiteElo "2390"]
[BlackElo "2039"]
[WhiteFideId "1210246"]
[BlackFideId "1009133"]
[EventDate "2013.12.21"]

1. d4 Nf6 2. c4 e6 3. Nc3 Bb4 4. e3 O-O 5. Bd3 d5 6. Nf3 c5 7. O-O Nc6 8. a3
Bxc3 9. bxc3 dxc4 10. Bxc4 Qc7 11. Bb5 Bd7 12. a4 cxd4 13. cxd4 Na5 14. Bd2 Rfc8
15. Ne5 Be8 16. Rc1 Qd8 17. Bxe8 Nxe8 18. Qh5 g6 19. Nxg6 hxg6 20. Qxa5 Qxa5 21.
Bxa5 Rxc1 22. Rxc1 Nd6 23. Bb4 Rc8 24. Rxc8+ Nxc8 25. a5 f5 26. Kf1 Kf7 27. Ke2
b6 28. a6 Ne7 29. Bxe7 Kxe7 30. h4 Kd6 31. f3 Kd5 32. g4 fxg4 33. fxg4 Ke4 34.
h5 gxh5 35. gxh5 Kf5 36. e4+ Kg5 37. d5 exd5 38. exd5 1-0

[Event "51st Groningen Open A 2013"]
[Site "Groningen NED"]
[Date "2013.12.29"]
[Round "8.23"]
[White "Offringa, Joost"]
[Black "Pijpers, Arthur"]
[Result "0-1"]
[WhiteElo "2178"]
[BlackElo "2366"]
[WhiteFideId "1025880"]
[BlackFideId "1019554"]
[EventDate "2013.12.21"]

1. e4 c5 2. Nc3 g6 3. d3 Bg7 4. Be3 d6 5. Qd2 Nc6 6. Nge2 h5 7. Nf4 Nf6 8. Be2
Ng4 9. Bxg4 hxg4 10. Nd1 b6 11. c3 Ba6 12. b3 Qd7 13. Rc1 O-O-O 14. a4 g5 15.
Ne2 d5 16. b4 dxe4 17. d4 Bd3 18. dxc5 Ne5 19. cxb6 Qxa4 20. Nb2 Qa6 21. bxa7
Kb7 22. Bd4 Rd5 23. Qe3 Qa2 24. c4 Rxd4 25. Nxd4 Qxb2 26. c5 Qxb4+ 27. Kd1 Nc4 0-1

[Event "51st Groningen Open A 2013"]
[Site "Groningen NED"]
[Date "2013.12.29"]
[Round "8.24"]
[White "Bellia, Fabrizio"]
[Black "Schippers, Maurice"]
[Result "0-1"]
[WhiteTitle "IM"]
[WhiteElo "2424"]
[BlackElo "2216"]
[WhiteFideId "800511"]
[BlackFideId "1004735"]
[EventDate "2013.12.21"]

1. d4 Nf6 2. Nf3 d6 3. g3 c5 4. c4 g6 5. Nc3 cxd4 6. Nxd4 Bg7 7. Bg2 O-O 8. O-O
a6 9. b3 Nbd7 10. Bb2 Rb8 11. Rc1 Nc5 12. Nd5 Nxd5 13. cxd5 Qb6 14. Qd2 Bd7 15.
Rc2 Rfc8 16. Rfc1 a5 17. h4 h5 18. Rc4 Na6 19. e3 Rxc4 20. Rxc4 Rc8 21. Rxc8+
Bxc8 22. Bc3 a4 23. b4 Bd7 24. b5 Nc7 25. Qb2 Qc5 26. e4 a3 27. Qd2 Nxb5 28.
Nxb5 Bxb5 29. Bb4 Qd4 30. Qxd4 Bxd4 31. Bf1 Bxf1 32. Kxf1 Bc5 33. Be1 b5 34. Ke2
b4 35. Kd3 b3 36. axb3 a2 37. Bc3 Bxf2 38. b4 Be1 0-1

[Event "51st Groningen Open A 2013"]
[Site "Groningen NED"]
[Date "2013.12.29"]
[Round "8.25"]
[White "Von Meijenfeldt, Bart"]
[Black "Hendriks, Willy"]
[Result "1-0"]
[BlackTitle "IM"]
[WhiteElo "2207"]
[BlackElo "2396"]
[WhiteFideId "1032259"]
[BlackFideId "1000713"]
[EventDate "2013.12.21"]

1. d4 Nf6 2. Nf3 d6 3. c4 g6 4. Nc3 Bg7 5. g3 O-O 6. Bg2 Nbd7 7. O-O e5 8. e4 c6
9. h3 Qa5 10. Be3 Nb6 11. Qd3 exd4 12. Nxd4 Qa6 13. b3 d5 14. exd5 Nfxd5 15.
Nxd5 cxd5 16. Rac1 Bd7 17. Rfd1 dxc4 18. bxc4 Na4 19. c5 Qxd3 20. Rxd3 Rac8 21.
c6 bxc6 22. Nxc6 Bxc6 23. Bxc6 Nb6 24. a4 Rfd8 25. Rxd8+ Rxd8 26. a5 Nc8 27. Bf3
Be5 28. Bg2 f5 29. Bf3 Bb8 30. Bg5 Rf8 31. Rd1 Bd6 32. Bh6 Re8 33. Bc6 Rd8 34.
Bd5+ Kh8 35. Be6 Ne7 36. Bf4 1-0

[Event "51st Groningen Open A 2013"]
[Site "Groningen NED"]
[Date "2013.12.29"]
[Round "8.26"]
[White "Estremera Panos, Sergio"]
[Black "Dehn, Marcus"]
[Result "1-0"]
[WhiteTitle "IM"]
[WhiteElo "2365"]
[BlackElo "2135"]
[WhiteFideId "2200864"]
[BlackFideId "4667093"]
[EventDate "2013.12.21"]

1. d4 c5 2. d5 f5 3. g4 d6 4. gxf5 Bxf5 5. Nc3 e5 6. e4 Bg6 7. h4 Be7 8. h5 Bf7
9. Be3 Nh6 10. Nh3 Nd7 11. Be2 a6 12. a4 Qa5 13. Rg1 Bf6 14. Ra3 O-O-O 15. Qd2
c4 16. Nb1 Qc7 17. Rc3 b5 18. axb5 axb5 19. Na3 Nc5 20. Nxb5 Nxe4 21. Nxc7 Nxd2
22. Nb5 Ne4 23. Rxc4+ Nc5 24. Nxd6+ Rxd6 25. Rxc5+ Kd8 26. c4 Kd7 27. Ra5 Rb8
28. Bc5 Rb7 29. b4 e4 30. Kd2 Nf5 31. Bg4 g6 32. Re1 Bd8 33. Ra8 Rf6 34. hxg6
hxg6 35. Ng5 Kc7 36. Nxe4 Rfb6 37. Bxb6+ Rxb6 38. Ra7+ 1-0

[Event "51st Groningen Open A 2013"]
[Site "Groningen NED"]
[Date "2013.12.29"]
[Round "8.27"]
[White "Dijkhuis, Tycho"]
[Black "Zakhartsov, Vladimir"]
[Result "0-1"]
[WhiteElo "2202"]
[BlackElo "2358"]
[WhiteFideId "1036564"]
[BlackFideId "4145097"]
[EventDate "2013.12.21"]

1. e4 c5 2. Nf3 d6 3. d4 cxd4 4. Nxd4 Nf6 5. Nc3 a6 6. Be3 e5 7. Nb3 Be6 8. h3
Nc6 9. Qf3 Rc8 10. O-O-O Qc7 11. Kb1 Be7 12. g4 h6 13. Qg2 b5 14. f4 Na5 15. Bd3
Nc4 16. Bc1 exf4 17. Bxf4 Nxb2 18. Nxb5 axb5 19. Kxb2 O-O 20. Kb1 Ra8 21. Qf2
Qc6 22. Qd4 Ra4 23. Qb2 Nxe4 24. Bxe4 Qxe4 25. Bd2 Rfa8 26. Rhe1 Qc4 27. Nc1 Bf6
28. c3 Rxa2 29. Nxa2 Rxa2 30. Qb4 Qd3+ 0-1

[Event "51st Groningen Open A 2013"]
[Site "Groningen NED"]
[Date "2013.12.29"]
[Round "8.30"]
[White "Stolwijk, Colin"]
[Black "Molinaroli, Martin"]
[Result "1/2-1/2"]
[WhiteElo "2041"]
[BlackElo "2269"]
[WhiteFideId "1033743"]
[BlackFideId "4606604"]
[EventDate "2013.12.21"]

1. e4 c6 2. d4 d5 3. exd5 cxd5 4. c4 Nf6 5. Nc3 g6 6. Nf3 Bg7 7. cxd5 O-O 8. Be3
Nxd5 9. Bc4 Nxc3 10. bxc3 Qc7 11. Nd2 Nc6 12. Rc1 b6 13. O-O Bb7 14. Bb3 e6 15.
Qe2 Ne7 16. Nf3 Rac8 17. Rfd1 Nf5 18. c4 Rfd8 19. d5 Nxe3 20. Qxe3 exd5 21. cxd5
Qd6 22. Rxc8 Rxc8 23. Ng5 h6 24. Ne4 Qb4 25. Qf4 Qe7 26. Nd6 Qc7 27. Qg3 Rd8 28.
Nxb7 Qxb7 29. d6 Qe4 30. Bd5 Qf5 31. Qa3 Bf8 32. Bb3 Bxd6 33. Qxa7 Kg7 34. Qxb6
Bxh2+ 35. Kxh2 Qh5+ 36. Kg3 Rxd1 37. Bxd1 Qxd1 38. Qb2+ 1/2-1/2

[Event "51st Groningen Open A 2013"]
[Site "Groningen NED"]
[Date "2013.12.29"]
[Round "8.31"]
[White "Burg, Brent"]
[Black "Lopez, Jasel"]
[Result "1/2-1/2"]
[BlackTitle "CM"]
[WhiteElo "2227"]
[BlackElo "2179"]
[WhiteFideId "1019465"]
[BlackFideId "15900045"]
[EventDate "2013.12.21"]

1. Nf3 Nf6 2. b4 e6 3. a3 d5 4. Bb2 Bd6 5. e3 O-O 6. c4 dxc4 7. Bxc4 Nbd7 8. O-O
Qe7 9. Nc3 c6 10. d4 e5 11. dxe5 Nxe5 12. Be2 Rd8 13. Qc2 Nfg4 14. g3 Qf6 15.
Nxe5 Bxe5 16. h3 Nh6 17. Kg2 Bf5 18. e4 Bxc3 19. Bxc3 Bxe4+ 20. Qxe4 Qxc3 21.
Rfc1 Qf6 22. Rab1 a6 23. a4 Nf5 24. Bd3 g6 25. b5 axb5 26. axb5 Rd4 27. Qf3 Ra3
28. bxc6 bxc6 29. Rd1 Nh4+ 30. gxh4 Qxf3+ 31. Kxf3 Raxd3+ 32. Rxd3 Rxd3+ 33. Kg2
h5 34. Rc1 Rd6 35. Kf3 Rf6+ 36. Ke3 Kf8 37. f4 Ke7 38. Ke4 Re6+ 39. Kd4 Kd6 40.
f5 gxf5 41. Rf1 Re5 42. Kd3 Ke6 43. Rc1 c5 44. Rc4 Rd5+ 45. Ke3 Ke5 46. Kf3 Kd6
47. Ra4 Rd3+ 48. Ke2 Rxh3 49. Rf4 Ke5 50. Rc4 Ra3 51. Rxc5+ Kf4 52. Rc7 Ra2+ 53.
Kf1 Kg3 54. Rxf7 f4 55. Rg7+ Kf3 56. Kg1 Ra1+ 57. Kh2 Ke4 58. Kg2 Ra2+ 59. Kg1
Ke3 60. Re7+ Kf3 61. Rg7 Ra1+ 62. Kh2 Ke3 63. Rb7 Ra6 64. Re7+ Kf2 65. Rf7 f3
66. Rb7 Ra2 67. Rb3 Re2 68. Kh3 Re4 69. Rb2+ Ke3 70. Rb3+ Kf4 71. Rb2 Ra4 72.
Rb3 Rd4 73. Ra3 Rd1 74. Ra4+ Ke3 75. Ra3+ Ke2 76. Ra2+ Rd2 77. Ra1 Kf2 78. Rb1
Ra2 79. Rb3 Ra4 80. Rb2+ Ke3 81. Rb3+ Kf4 82. Rb2 Re4 83. Ra2 Rc4 84. Ra3 Rb4
85. Ra2 Rb3 86. Ra4+ Ke3 87. Ra2 Rd3 88. Kg3 Rb3 89. Rf2 Ke4 90. Ra2 Rb7 91.
Ra4+ Ke3 92. Ra3+ Ke2 93. Ra2+ Ke3 1/2-1/2

[Event "51st Groningen Open A 2013"]
[Site "Groningen NED"]
[Date "2013.12.29"]
[Round "8.32"]
[White "Mager, Denis"]
[Black "Hoeksema, Hendrik Pieter"]
[Result "1/2-1/2"]
[BlackTitle "IM"]
[WhiteElo "2060"]
[BlackElo "2369"]
[WhiteFideId "24691127"]
[BlackFideId "1000454"]
[EventDate "2013.12.21"]

1. c4 e5 2. Nc3 Nf6 3. e3 Nc6 4. d4 Bb4 5. Nf3 Bxc3+ 6. bxc3 d6 7. c5 e4 8. Nd2
d5 9. c4 Be6 10. Rb1 Rb8 11. Qc2 O-O 12. Be2 Re8 13. O-O dxc4 14. Nxc4 Nd5 15.
Bd2 f5 16. Rb2 f4 17. Qxe4 Bg4 18. Qd3 Bxe2 19. Qxe2 Nxd4 20. Qg4 Nf6 21. Qd1
fxe3 22. Bxe3 Nc6 23. Qxd8 Rexd8 24. Rfb1 b5 25. cxb6 1/2-1/2

[Event "51st Groningen Open A 2013"]
[Site "Groningen NED"]
[Date "2013.12.29"]
[Round "8.33"]
[White "Senders, Mischa"]
[Black "Berkovich, Mark A"]
[Result "1/2-1/2"]
[BlackTitle "IM"]
[WhiteElo "2058"]
[BlackElo "2366"]
[WhiteFideId "1038370"]
[BlackFideId "2801639"]
[EventDate "2013.12.21"]

1. e4 e5 2. Nf3 d6 3. d4 exd4 4. Nxd4 Nf6 5. Nc3 Be7 6. Bf4 O-O 7. Qd2 Nc6 8.
O-O-O Nxd4 9. Qxd4 Be6 10. Bc4 Ng4 11. Nd5 Bxd5 12. Bxd5 Bf6 13. Qd2 a5 14. h3
Ne5 15. a3 c6 16. Ba2 Qb6 17. Be3 Qb5 18. Bd4 Rad8 19. f4 Nd7 1/2-1/2

[Event "51st Groningen Open A 2013"]
[Site "Groningen NED"]
[Date "2013.12.29"]
[Round "8.34"]
[White "Schoehuijs, Erik"]
[Black "De Groot, Hendrik"]
[Result "1-0"]
[WhiteElo "2180"]
[BlackElo "2063"]
[WhiteFideId "1004425"]
[BlackFideId "1037021"]
[EventDate "2013.12.21"]

1. d4 d6 2. c4 e5 3. Nf3 e4 4. Ng5 f5 5. Nc3 Nf6 6. g3 Be7 7. Bg2 c6 8. d5 cxd5
9. cxd5 O-O 10. O-O h6 11. Nh3 Nbd7 12. Be3 Ng4 13. Bd4 Bf6 14. f3 exf3 15. exf3
Nge5 16. Nf4 Nc5 17. Nh5 g6 18. Nxf6+ Rxf6 19. f4 Ned3 20. Rf3 Nxb2 21. Qe2 1-0

[Event "51st Groningen Open A 2013"]
[Site "Groningen NED"]
[Date "2013.12.29"]
[Round "8.35"]
[White "Ypma, Peter"]
[Black "Vos, Tjark"]
[Result "1-0"]
[WhiteElo "2179"]
[BlackElo "2085"]
[WhiteFideId "1027255"]
[BlackFideId "1020870"]
[EventDate "2013.12.21"]

1. d4 Nf6 2. g4 Nxg4 3. e4 d6 4. Bg5 c5 5. d5 g6 6. Nc3 a6 7. Be2 Nf6 8. f4 b5
9. e5 b4 10. Na4 dxe5 11. fxe5 Qxd5 12. Qxd5 Nxd5 13. O-O-O Bb7 14. Bf3 e6 15.
Nb6 Ra7 16. Bxd5 Bxd5 17. Nf3 Be7 18. Nxd5 Bxg5+ 19. Nxg5 exd5 20. Rxd5 Rc7 21.
Ne4 Nd7 22. Rf1 Ke7 23. Ng5 h6 24. Rxf7+ Ke8 25. e6 hxg5 26. Rfxd7 Rxd7 27.
exd7+ Kd8 28. Rxc5 Kxd7 29. Rxg5 Rxh2 30. Rxg6 a5 31. Rg5 a4 32. Rg4 a3 33. b3
Rh1+ 34. Kd2 Ra1 35. Rxb4 Rxa2 36. Rb6 Kc7 37. Rh6 Ra1 38. Kc3 Kb7 39. Rh5 Kb6
40. Rh6+ Kb7 41. Rh4 Kb6 42. Ra4 Kb5 43. Ra8 Kb6 44. Kb4 1-0

[Event "51st Groningen Open A 2013"]
[Site "Groningen NED"]
[Date "2013.12.29"]
[Round "8.36"]
[White "Keetman, Maaike"]
[Black "Beerdsen, Thomas"]
[Result "1-0"]
[WhiteElo "1899"]
[BlackElo "2154"]
[WhiteFideId "1033697"]
[BlackFideId "1030108"]
[EventDate "2013.12.21"]

1. d4 d5 2. c4 c6 3. Nf3 Nf6 4. Nc3 e6 5. cxd5 exd5 6. Bg5 Be7 7. Qc2 O-O 8. e3
Re8 9. Bd3 h6 10. Bh4 Be6 11. O-O Nbd7 12. Rab1 c5 13. h3 Rc8 14. Bg3 a6 15. Qd2
c4 16. Bc2 b5 17. a3 Qb6 18. Ra1 a5 19. Ne5 Red8 20. f3 b4 21. axb4 axb4 22. Na4
Qb5 23. Qe2 Ne8 24. Rfd1 Nxe5 25. Bxe5 b3 26. Nc3 Qc6 27. Bb1 Bb4 28. Qe1 f6 29.
Bf4 Bf7 30. e4 dxe4 31. fxe4 Nd6 32. e5 Nb5 33. Qg3 fxe5 34. Bxe5 Bf8 35. Be4
Qe8 36. Ra6 Nxc3 37. bxc3 g5 38. h4 Bg7 39. Bxg7 Qxe4 40. Bxh6 Qxh4 41. Qe5 1-0

[Event "51st Groningen Open A 2013"]
[Site "Groningen NED"]
[Date "2013.12.29"]
[Round "8.37"]
[White "Markus, John Raymond"]
[Black "Mollema, Thomas"]
[Result "1/2-1/2"]
[WhiteElo "2118"]
[BlackElo "1977"]
[WhiteFideId "1001213"]
[BlackFideId "1034987"]
[EventDate "2013.12.21"]

1. d4 f5 2. e4 fxe4 3. Nc3 Nf6 4. f3 d5 5. Bg5 Bf5 6. Qd2 exf3 7. Nxf3 e6 8. a3
Be7 9. O-O-O Nc6 10. Bb5 O-O 11. Bxc6 bxc6 12. Ne5 Qe8 13. Qe2 Rb8 14. g4 Be4
15. Rhf1 c5 16. Bxf6 gxf6 17. Nxe4 fxe5 18. Nxc5 Bxc5 19. dxc5 e4 20. g5 Qe7 21.
Qe3 c6 22. h4 Qg7 23. c3 Rb7 24. Qh3 Qe5 25. Rxf8+ Kxf8 26. Rf1+ Rf7 27. Rxf7+
Kxf7 28. Qg4 Kg7 29. h5 d4 30. cxd4 Qxd4 31. h6+ Kg6 32. Qxe6+ Kxg5 33. Qe7+ Kh5
34. Qd6 Qe3+ 35. Kc2 Qf2+ 36. Kc3 e3 37. Qe5+ Kxh6 38. Kd3 Qd2+ 39. Ke4 e2 40.
Qf6+ Kh5 41. Qf7+ Kg4 42. Qf3+ Kh4 43. Qf2+ Kh5 44. Qf7+ Kh4 45. Qf2+ Kh3 46.
Qf3+ Kh2 47. Qf2+ Kh1 48. Qf3+ Kh2 49. Qf2+ Kh3 50. Qf3+ Kh4 51. Qf2+ Kg5 52.
Qf5+ Kh6 1/2-1/2

[Event "51st Groningen Open A 2013"]
[Site "Groningen NED"]
[Date "2013.12.29"]
[Round "8.38"]
[White "Gerlagh, Joris"]
[Black "Zojer, Stefan"]
[Result "1-0"]
[WhiteElo "2032"]
[BlackElo "2089"]
[WhiteFideId "1038834"]
[BlackFideId "1616455"]
[EventDate "2013.12.21"]

1. e4 e5 2. Nf3 Nc6 3. d4 exd4 4. Nxd4 Nf6 5. Nxc6 bxc6 6. e5 Qe7 7. Qe2 Nd5 8.
c4 Ba6 9. b3 g6 10. g3 Bg7 11. Bb2 O-O 12. Bg2 Rae8 13. O-O f6 14. Qd2 fxe5 15.
Qa5 Nb4 16. Nd2 Bc8 17. Ba3 c5 18. Bxb4 cxb4 19. Bd5+ Kh8 20. Qxc7 e4 21. Rae1
Bd4 22. Rxe4 Qf6 23. Rxe8 Rxe8 24. Ne4 Qf3 25. Qd6 Rf8 26. Ba8 Bg7 27. Qd1 Qf5
28. Bd5 Qe5 29. f4 Qb2 30. Qd2 Re8 31. Qxb2 Bxb2 32. Kg2 d6 33. Nxd6 Re2+ 34.
Kf3 1-0

[Event "51st Groningen Open A 2013"]
[Site "Groningen NED"]
[Date "2013.12.29"]
[Round "8.39"]
[White "Umudova, Nargiz"]
[Black "Van Foreest, Lucas"]
[Result "0-1"]
[WhiteTitle "WIM"]
[WhiteElo "2255"]
[BlackElo "2120"]
[WhiteFideId "13402137"]
[BlackFideId "1039792"]
[EventDate "2013.12.21"]

1. e4 e5 2. Nf3 Nc6 3. Bb5 a6 4. Ba4 Nf6 5. O-O Be7 6. Re1 b5 7. Bb3 d6 8. c3
O-O 9. h3 Na5 10. Bc2 c5 11. d4 Qc7 12. Nbd2 Bd7 13. Nf1 Rfe8 14. b3 g6 15. Bg5
Nh5 16. Bxe7 Rxe7 17. Ne3 Nf6 18. Nh2 cxd4 19. cxd4 Nc6 20. dxe5 dxe5 21. Rc1
Qb6 22. Nhg4 Bxg4 23. hxg4 Rd8 24. Qf3 Nd4 25. Qh3 Rc7 26. Qh4 Nxc2 27. Nxc2
Rdc8 28. g5 Ne8 29. Re3 Rxc2 30. Rxc2 Rxc2 31. Rh3 h5 32. gxh6 Qf6 33. Qg3 Kh7 0-1

[Event "51st Groningen Open A 2013"]
[Site "Groningen NED"]
[Date "2013.12.29"]
[Round "8.40"]
[White "Vereggen, Lars"]
[Black "Lyell, Mark"]
[Result "1-0"]
[BlackTitle "FM"]
[WhiteElo "2147"]
[BlackElo "2247"]
[WhiteFideId "1029258"]
[BlackFideId "402354"]
[EventDate "2013.12.21"]

1. d4 f5 2. g3 Nf6 3. Bg2 e6 4. Nf3 Be7 5. O-O O-O 6. c4 d6 7. b3 a5 8. a3 Ne4
9. Bb2 Bf6 10. Nbd2 Nc6 11. e3 Nxd2 12. Qxd2 a4 13. b4 Qe7 14. Rfe1 e5 15. e4
fxe4 16. Rxe4 Bf5 17. Ree1 e4 18. d5 Ne5 19. Nxe5 Bxe5 20. Re3 Rae8 21. Rae1 Qf6
22. Bxe5 Rxe5 23. Qc2 Bg6 24. Rf1 Re7 25. Qxa4 Qd4 26. Qb3 Ref7 27. Qc3 Qa7 28.
Qd2 Qa4 29. Qe2 c6 30. Qd2 Rf6 31. Qe2 Qa6 32. Qc2 cxd5 33. cxd5 Qa7 34. Qd2 h6
35. Rc3 Kh7 36. Qe3 Qxe3 37. Rxe3 Rc8 38. Bxe4 Bxe4 39. Rxe4 Rc2 40. Rd4 Rf3 41.
a4 Ra3 42. a5 Raa2 43. Rf4 Rd2 44. Rf7 Rxd5 45. Rxb7 Rdd2 46. Rf7 Rdb2 47. Rf4
g5 48. Rd4 Kg7 49. Rxd6 Rxb4 50. Rc1 Rb7 51. Rcc6 Rxa5 52. Rxh6 Rb2 53. Rhd6 Rb7
54. Rg6+ Kh7 55. Rh6+ Kg7 56. Rcg6+ Kf7 57. Rb6 Kg7 58. Rxb7+ Kxh6 59. Rb6+ Kg7
60. Rb4 Kg6 61. h4 Kh5 62. hxg5 Kxg5 63. Kg2 Ra2 64. Rb8 Kg4 65. Rg8+ Kf5 66.
Rf8+ Kg4 67. Rf4+ Kg5 68. Kh3 Ra1 69. Rf8 Rh1+ 70. Kg2 Ra1 71. f4+ Kg4 72. Rg8+
Kf5 73. Rg5+ Kf6 74. Kh3 Rh1+ 75. Kg4 Rg1 76. Ra5 Rg2 77. Ra6+ Kg7 78. f5 Kf7
79. Kf4 Rg1 80. g4 1-0

[Event "51st Groningen Open A 2013"]
[Site "Groningen NED"]
[Date "2013.12.29"]
[Round "8.42"]
[White "Lee, Kai Jie Edward"]
[Black "Dijkhuis, Sven"]
[Result "0-1"]
[WhiteElo "2145"]
[BlackElo "1941"]
[WhiteFideId "5802920"]
[BlackFideId "1036556"]
[EventDate "2013.12.21"]

1. e4 c5 2. Nf3 e6 3. d4 cxd4 4. Nxd4 Nf6 5. Nc3 d6 6. Bc4 Be7 7. O-O O-O 8. Be3
d5 9. exd5 exd5 10. Bb3 Bb4 11. Bg5 Bxc3 12. bxc3 Nbd7 13. Qf3 Qa5 14. Nf5 Ne4
15. Bf4 Ndf6 16. Be5 Re8 17. Bd4 Qc7 18. Rfe1 Bxf5 19. Qxf5 Qc6 20. Re3 Re6 21.
Rae1 Rae8 22. Bxf6 Nxf6 23. Qd3 b5 24. Qd4 a6 25. h3 h6 26. a4 Rxe3 27. Rxe3
Rxe3 28. fxe3 Kf8 29. a5 Ke8 30. Kf1 Ke7 31. g4 Qd6 32. Qa7+ Nd7 33. Qb7 Qh2 34.
Qxd5 Qxh3+ 35. Kf2 Qh4+ 36. Kf3 Qf6+ 37. Kg2 Ne5 38. Qb7+ Ke8 39. Bd5 g5 40. Be4
Kf8 41. Bf5 Qd6 42. Kh3 Nc4 43. Qa8+ Kg7 44. Bc8 Nxe3 45. Qxa6 Qf4 46. Qb7 h5
47. a6 h4 48. Qg2 Nxg2 49. Kxg2 Qg3+ 50. Kh1 h3 51. Bb7 f5 52. a7 Qe1+ 53. Kh2
Qf2+ 0-1

[Event "51st Groningen Open A 2013"]
[Site "Groningen NED"]
[Date "2013.12.29"]
[Round "8.44"]
[White "Stavast, Dick"]
[Black "Hulshof, Peter"]
[Result "0-1"]
[WhiteElo "2066"]
[BlackElo "2215"]
[WhiteFideId "1014005"]
[BlackFideId "1003291"]
[EventDate "2013.12.21"]

1. g3 e5 2. Bg2 Nc6 3. d3 g6 4. e4 Bg7 5. Nh3 d6 6. O-O h5 7. Nc3 h4 8. g4 Nd4
9. f4 exf4 10. Bxf4 Be6 11. Nd5 Qd7 12. Bg5 Bxg4 13. Nxc7+ Kf8 14. Nf4 Bf6 15.
Bxf6 Nxf6 16. Bh3 Bxh3 17. Nxh3 Qxh3 18. Rxf6 Rc8 19. c3 Rxc7 20. cxd4 Qe3+ 21.
Kh1 Kg7 22. Qf3 Rc1+ 23. Rxc1 Qxc1+ 24. Qf1 Qxf1+ 25. Rxf1 Rc8 26. Rf2 Rc1+ 27.
Kg2 Rd1 0-1

[Event "51st Groningen Open A 2013"]
[Site "Groningen NED"]
[Date "2013.12.29"]
[Round "8.46"]
[White "Chernukhin, Alexander"]
[Black "Gutkind, Kedem"]
[Result "1-0"]
[WhiteElo "2145"]
[BlackElo "2066"]
[WhiteFideId "24177199"]
[BlackFideId "1046519"]
[EventDate "2013.12.21"]

1. c4 Nf6 2. Nc3 g6 3. g3 Bg7 4. Bg2 O-O 5. Nf3 d6 6. O-O e5 7. d3 Nc6 8. Rb1 a5
9. a3 h6 10. b4 axb4 11. axb4 Be6 12. b5 Nd4 13. Nd2 Qc8 14. e3 Nf5 15. Bb2 h5
16. Ra1 Rxa1 17. Qxa1 Bh6 18. Nb3 h4 19. e4 hxg3 20. exf5 gxh2+ 21. Kh1 Bxf5 22.
Qd1 Nh5 23. Nd5 Qd8 24. Bc1 Bxc1 25. Nxc1 Qh4 26. Ne3 Bc8 27. Bf3 Bh3 28. Bg2 f5
29. Qf3 Bg4 30. Qxb7 Nf4 31. Nxg4 fxg4 32. Qe4 Kg7 33. Ne2 Nh5 34. Qe3 Nf4 35.
Bc6 Qh5 36. Ng3 Qh4 37. d4 exd4 38. Qxd4+ Kh7 39. b6 cxb6 40. Ra1 Ne6 41. Ra7+
Kh6 42. Qe3+ Qg5 43. Qxe6 Rxf2 44. Re7 1-0

[Event "51st Groningen Open A 2013"]
[Site "Groningen NED"]
[Date "2013.12.29"]
[Round "8.47"]
[White "Den Hartog, Marijn"]
[Black "Go, Benjamin"]
[Result "0-1"]
[WhiteElo "2025"]
[BlackElo "2140"]
[WhiteFideId "1046098"]
[BlackFideId "1014560"]
[EventDate "2013.12.21"]

1. e4 Nf6 2. Nc3 e5 3. Nf3 Nc6 4. Bb5 Bb4 5. O-O O-O 6. d3 d6 7. h3 Ne7 8. Bg5
c6 9. Bxf6 gxf6 10. Ba4 Ng6 11. Ne2 f5 12. exf5 Bxf5 13. Ng3 Be6 14. c3 Ba5 15.
d4 Bc7 16. Ne4 d5 17. Nc5 e4 18. Nxb7 Qf6 19. Nh2 Qg5 20. Kh1 Nf4 21. Rg1 Nd3
22. Qe2 Qf4 23. Nf3 Kh8 24. g3 Qxf3+ 25. Qxf3 exf3 26. Kh2 Nxf2 27. Rgf1 Rg8 28.
Rxf2 Bxg3+ 29. Kg1 Bh4+ 30. Kf1 Bxh3+ 31. Ke1 Rae8+ 0-1

[Event "51st Groningen Open A 2013"]
[Site "Groningen NED"]
[Date "2013.12.29"]
[Round "8.48"]
[White "Hummel, Paul"]
[Black "Sparenberg, Erik"]
[Result "0-1"]
[WhiteElo "2011"]
[BlackElo "2112"]
[WhiteFideId "1021168"]
[BlackFideId "1013262"]
[EventDate "2013.12.21"]

1. Nf3 Nf6 2. g3 g6 3. Bg2 Bg7 4. O-O O-O 5. d4 d6 6. c4 Nc6 7. Nc3 a6 8. b3 Rb8
9. Bb2 b5 10. d5 Na5 11. cxb5 axb5 12. Nd4 b4 13. Na4 Bb7 14. Nc6 Nxc6 15. dxc6
Ba6 16. Qc2 Qc8 17. a3 Qe6 18. axb4 Rxb4 19. Nc5 Qxe2 20. Qxe2 Bxe2 21. Rfe1 Bb5
22. Bc3 dxc5 23. Bxb4 cxb4 24. Ra5 Bd3 25. Rxe7 Re8 26. Rae5 Kf8 27. Rxe8+ Nxe8
28. Re3 Bf5 29. Bd5 Bd4 30. Re2 h5 31. Ra2 Nf6 32. Bc4 Ng4 33. Kg2 Be4+ 0-1

[Event "51st Groningen Open A 2013"]
[Site "Groningen NED"]
[Date "2013.12.29"]
[Round "8.49"]
[White "Henseler, Jorgen"]
[Black "Zojer, Thomas"]
[Result "1-0"]
[WhiteElo "2073"]
[BlackElo "2117"]
[WhiteFideId "1023233"]
[BlackFideId "1616986"]
[EventDate "2013.12.21"]

1. e4 c5 2. Nf3 Nc6 3. d4 cxd4 4. Nxd4 Nf6 5. Nc3 e5 6. Ndb5 d6 7. Bg5 a6 8. Na3
b5 9. Bxf6 gxf6 10. Nd5 f5 11. Bxb5 axb5 12. Nxb5 Ra4 13. Nbc7+ Kd7 14. O-O Rxe4
15. Qh5 Nd4 16. c3 Ne2+ 17. Kh1 Kc6 18. g3 Be6 19. Nxe6 fxe6 20. Nb4+ Kd7 21.
Rae1 Qa8 22. f3 Re3 23. Nc2 Nxg3+ 24. hxg3 Rxe1 25. Rxe1 Qxa2 26. Ra1 Qxa1+ 27.
Nxa1 Be7 28. Qh2 h5 29. Qe2 Rb8 30. b4 h4 31. Qa6 Rc8 32. Qa4+ Kd8 33. b5 d5 34.
gxh4 Rxc3 35. Qa5+ Rc7 36. b6 Rc1+ 37. Kg2 Bd6 38. b7+ Kd7 39. Nb3 Rc2+ 40. Kf1
Bb8 41. Nc5+ Ke7 42. Qb6 Bd6 43. Qxd6+ 1-0